|
|
|
|
| LEADER |
02027nam a2200469 i 4500 |
| 001 |
EBC3569159 |
| 003 |
MiAaPQ |
| 005 |
20200520144314.0 |
| 006 |
m o d | |
| 007 |
cr cnu|||||||| |
| 008 |
150528t20151996enk ob 001 0 eng d |
| 020 |
|
|
|z 9781563247347
|
| 020 |
|
|
|z 9781563247354
|
| 020 |
|
|
|a 9781315705026 (e-book)
|
| 035 |
|
|
|a (MiAaPQ)EBC3569159
|
| 035 |
|
|
|a (Au-PeEL)EBL3569159
|
| 035 |
|
|
|a (CaPaEBR)ebr11056303
|
| 035 |
|
|
|a (CaONFJC)MIL787693
|
| 035 |
|
|
|a (OCoLC)929508838
|
| 040 |
|
|
|a MiAaPQ
|b eng
|e rda
|e pn
|c MiAaPQ
|d MiAaPQ
|
| 050 |
|
4 |
|a HB171
|b .P697 2015
|
| 082 |
0 |
|
|a 330
|2 20
|
| 100 |
1 |
|
|a Power, Thomas M.,
|e author.
|
| 245 |
1 |
0 |
|a Environmental protection and economic well-being :
|b the economic pursuit of quality /
|c Thomas Michael Power.
|
| 250 |
|
|
|a Second edition.
|
| 264 |
|
1 |
|a Oxfordshire, [England] ;
|a New York, New York :
|b Routledge,
|c 2015.
|
| 264 |
|
4 |
|c 1996
|
| 300 |
|
|
|a 1 online resource (268 pages)
|
| 336 |
|
|
|a text
|2 rdacontent
|
| 337 |
|
|
|a computer
|2 rdamedia
|
| 338 |
|
|
|a online resource
|2 rdacarrier
|
| 500 |
|
|
|a "Economic development and environmental protection : economic pursuit of quality"--Title from title screen.
|
| 504 |
|
|
|a Includes bibliographical references and index.
|
| 588 |
|
|
|a Description based on print version record.
|
| 590 |
|
|
|a Electronic reproduction. Ann Arbor, MI : ProQuest, 2016. Available via World Wide Web. Access may be limited to ProQuest affiliated libraries.
|
| 650 |
|
0 |
|a Economics.
|
| 650 |
|
0 |
|a Economic development
|x Environmental aspects.
|
| 650 |
|
0 |
|a Environmental protection.
|
| 655 |
|
4 |
|a Electronic books.
|
| 776 |
0 |
8 |
|i Print version:
|a Power, Thomas M.
|t Environmental protection and economic well-being : the economic pursuit of quality.
|b Second edition.
|d Oxfordshire, [England] ; New York, New York : Routledge, 2015, c1996
|h xv, 251 pages
|z 9781563247347
|w 96003646
|
| 797 |
2 |
|
|a ProQuest (Firm)
|
| 856 |
4 |
0 |
|u https://ebookcentral.proquest.com/lib/matrademy/detail.action?docID=3569159
|z Click to View
|